000 00348nam a2200133Ia 4500
005 20260328104341.0
008 260328s9999||||xx |||||||||||||| ||und||
100 _aPamuk, Orhan
245 0 _aRecuerdos de MontaƱas Lejanas :
_b Cuadernos Ilustrados /
_cOrhan Pamuk
260 _bRandom House
300 _a391 p.
650 _aBOCETOS
942 _cBK
999 _c12107
_d12107